000 00816nac a22002417a 4500
001 BR7902717
003 BR-BrBNA
005 20240105114429.0
008 230509b bl.|||m| |||| 00| 0 por d
040 _aBR-BrBNA
_bpor
_cBiblioteca Nacional de Agricultura
072 _aP20; F24
090 _aP20 BR7902717
110 1 _aSuperintendencia do Desenvolvimento da Regiao Sul, Porto Alegre, RS (Brasil)
_910098
245 1 _aVegetacao atual da regiao sul [Brasil]
260 3 _aPorto Alegre, RS (Brasil):
_c1978.
300 _a116 p.
490 _aSerie Planejamento e Estudos Regionais - Superintendencia do Desenvolvimento da Regiao Sul (Brazil)
_vno. 2
_x
500 _a21 illus.
650 _aVEGETACAO
650 _aREGIAO SUL
909 _a202312
_bLúcia Elande
_c55
_dLúcia Elande
942 _2AGRIS
_n0
_cMS
999 _c269307
_d269307